Uusi päivä -sarjan hahmot - Statistics

Yleistilastot
  • Tätä visaa on pelattu 132 kertaa
  • Keskiarvotulos 46 / 114
Vastaustilastot
Hint Vastaus % Oikein
A Asko Haavisto
95%
A Aino Haavisto
93%
E Ensio Haavisto
87%
M Minna Haavisto
84%
O Osku Haavisto
84%
O Otso Karhu
84%
T Tuija Haavisto
83%
V Vilma Haavisto
83%
E Elina Haavisto
80%
T Tomi Karhu
80%
A Aleksi Ruuskanen
77%
M Marika Ruuskanen-Kuusla
77%
V Väinö Haavisto
76%
P Pentti Ruuskanen
74%
T Tero Kuusla
73%
J Jani Hellemaa
72%
L Lisbeth "Lissu" Kanerva
72%
L Lauri Kallio
70%
N Niklas Järvelä
70%
E Emmi Lukkari
68%
E Eppu Palomäki
68%
I Iris Rainio
68%
K Krista Kortelainen
68%
A Aapo Rönkkö
67%
A Anni Malinen
66%
K Karri Palomäki
66%
R Roni Sirén
66%
S Saku Rainio
65%
A Aava Helminen
62%
I Iiro Rainio
62%
M Mirja Mäkimaa
62%
S Sakari Määttä
62%
K Kaisla Helminen
61%
M Maria Nikko
61%
O Oula Haavisto
60%
P Peetu Määttä
60%
P Pyry Helminen
60%
R Raimo "Kukko" Koistinen
60%
R Reino Tuominen
59%
R Rasmus Nikko
57%
S Sonja Ollila
57%
J Joonas "Jimi" Aro
56%
M Maija Helminen
56%
H Henrik Paltamo
54%
N Nanna Summanen
52%
P Päivikki Summanen
51%
C Cicca Callas
49%
J Jukka Hiltunen
49%
J Jaana Jokela
45%
P Petra Kaakko
44%
S Stella Kuparinen
44%
V Veeti Susimaa
44%
L Lenni Morris
43%
A Azad Sorani
41%
S Silja Ollila
41%
P Pirkko Kujala
38%
L Lotta Sund
37%
H Hannupekka "HP" Latvala
35%
S Sara Erkkilä
34%
T Titus Koistinen
33%
T Topi Kunnas
33%
H Hilkka Ranta
32%
I Irmeli Laakso
32%
M Mirkku Virkkunen
30%
O Outi Hiltunen
30%
L Laura Sirén
29%
E Eelis Karhu
28%
I Ilari Larsson
28%
O Oliver Järvelä
28%
T Tiia Friman
27%
V Veikko Honkala
27%
I Irma Alajoki
26%
L Lasse Sund
26%
L Leila Malinen
24%
M Markku Lukkari
23%
A Antti Salminen
22%
J Juge
22%
M Masa
22%
T Teppo Martonen
22%
E Emma Rannila
21%
J Jari Oja
21%
O Onerva Rannila
21%
J Juha Holma
20%
T Terhi Sillanpää
20%
J Joonas Rantala
17%
P Pauliina Kuparinen
17%
P Pia Kortelainen
17%
J Jarkko Rannila
16%
N Nico
16%
J Jean-Pierre
15%
V Vesa Kelo
15%
K Konsta Saarinen
13%
I Ismet Sadik
12%
P Piilinen
12%
J Jesse
11%
U Ugur Budak
11%
K Kauko Saxman
10%
P Paavo Palomäki
10%
R Raija Palomäki
10%
S Sami
10%
L Lea Laakso
9%
J Jake Karppinen
7%
R Raimo Ranta
7%
S Seija Haapala
7%
L Luka Laitakari
6%
I Ilona Koivumaa
5%
K Kaisu Mäntylä
5%
M Marju Lehtinen
5%
R Riku Kanninen
5%
T Töllis
5%
G Göran Hammar
4%
L Liselotte
4%
M Matias Mattsson
2%
E Ensio Pesonen
1%
Ehtoja vastaavia visoja ei löytynyt
Tulosjakauma
Jokaisen tuloksen saaneiden osuus
Persentiili vastausten määrän mukaan
Tuloshistoriasi
Et ole pelannut tätä visaa